000 02170cam a22005414i 4500
003 PE-LiUPU
005 20250731180144.0
008 150706s r 000 0 d
020 _a9706864105
035 _a(Sirsi) i9789706864109
040 _aPE-LiUPU
_bspa
_cPE-LiUPU
_erda
049 _aPRUA
082 0 4 _a512
_bR47
_221
100 1 _aReyes Guerrero, Araceli,
_eautor.
245 1 0 _aÁlgebra superior /
_cAraceli Reyes Guerrero.
264 1 _aAustralia :
_bThomson,
_c2005.
300 _a363 páginas :
_bilustraciones ;
_c24 cm.
336 _atext
_2rdacontent
337 _aunmediated
_2rdamedia
338 _avolume
_2rdacarrier
505 0 _aIntroducción al método axiomático -- Conjunto y funciones -- Números reales -- los números racionales y reales -- Los números complejo -- Propiedades de las operaciones -- El anillo de los polinomios -- Origen de los polinomios -- Teoría de ecuaciones -- Vectores y matrices -- Matrices y sistemas lineales -- Determinantes -- Geometría -- Estructuras algebraicas -- Axiomas y propiedades -- Matemáticas discretas -- Relaciones entre conjunto finitos -- Conteo -- Recurrencia.
526 _aSEG44
526 _aSEG26
526 _aP159
526 _aP155
526 _aP154
526 _aP153
526 _aP150
526 _aP100
526 _aP31
526 _aP30
526 _aP26
526 _aP25
526 _aP24
526 _aP22
526 _aP15
526 _aP10
541 _g001-0035421;
650 1 4 _aÁlgebra
_xEstudio y enseñanza.
650 2 4 _aÁlgebra
_vProblemas, ejercicios, etc.
700 1 _aToledo Castellanos, Miguel Angel,
_edir.
910 _bjv
_cng
_d20120620
942 _2ddc
_cBOOK
949 _a512 R47
_wDEWEY
_c1
_i65049
_lCCODEBUL1
_mBUL
_p34.00
_r0
_sY
_tBOOK
_u2015-7-6
_xINGENIERIA
_zUNKNOWN
_o.STAFF. Colección General
994 _aC0
_bPEPRU
596 _a1
999 _a513.4074 R47
_wDEWEY
_c52079
_i63063
_d52079
_e2018-8-9
_f2021-11-8
_g5
_lCCODEBUL1
_mBUL
_n8
_p54.00
_q2
_r0
_sY
_tBOOK
_u2015-7-6
_xEDUCACION
_zUNKNOWN
_0COMPRA
_o.STAFF. Colección General
980 _81
_gALBERTO SANCHEZ Responsable de Automatización